Unit operations of chemical engineering (Record no. 3799)

000 -LEADER
fixed length control field 00652nam a2200241 a 4500
001 - CONTROL NUMBER
control field 3799
003 - CONTROL NUMBER IDENTIFIER
control field BD-DhUET
008 - FIXED-LENGTH DATA ELEMENTS--GENERAL INFORMATION
fixed length control field 850523s1985 nyua b 001 0 eng
020 ## - INTERNATIONAL STANDARD BOOK NUMBER
International Standard Book Number 0070448280
040 ## - CATALOGING SOURCE
Modifying agency BD-DhUET
Transcribing agency 0
082 0# - DEWEY DECIMAL CLASSIFICATION NUMBER
Classification number 660.2842
Item number MCC/1985
100 1# - MAIN ENTRY--PERSONAL NAME
Personal name McCabe, Warren L.
245 10 - TITLE STATEMENT
Title Unit operations of chemical engineering
250 ## - EDITION STATEMENT
Edition statement 4th ed.
260 ## - PUBLICATION, DISTRIBUTION, ETC. (IMPRINT)
Place of publication, distribution, etc. New York
Name of publisher, distributor, etc. McGraw-Hill
Date of publication, distribution, etc. 1985
300 ## - PHYSICAL DESCRIPTION
Extent x, 960 p.
Other physical details ill.
Dimensions 25 cm.
490 1# - SERIES STATEMENT
Series statement McGraw-Hill chemical engineering series
504 ## - BIBLIOGRAPHY, ETC. NOTE
Bibliography, etc Includes bibliographies
650 #0 - SUBJECT ADDED ENTRY--TOPICAL TERM
Topical term or geographic name as entry element Chemical Processer
700 1# - ADDED ENTRY--PERSONAL NAME
Personal name Smith, Julian C.
700 1# - ADDED ENTRY--PERSONAL NAME
Personal name Harriott, Peter.
942 ## - ADDED ENTRY ELEMENTS (KOHA)
Koha item type General Book
Holdings
Price effective from Koha full call number Koha issues (times borrowed) Source of classification or shelving scheme Koha item type Shelving location Sublocation or collection (holding branch) Koha date last borrowed Koha date last seen Date acquired Withdrawn status Piece designation (barcode) Damaged status Lost status Not for loan Location (home branch) Copy number Koha normalized classification for sorting
2014-11-05660.2842/MCC/1985  General BookCirculation sectionCentral Library, BUET 2016-10-232014-11-05 72739   Central Library, BUET1660_000000000000000_2842MCC198
2014-11-05660.2842/MCC/1985  General BookCirculation sectionCentral Library, BUET 2014-11-052014-11-05 77549   Central Library, BUET2660_000000000000000_2842MCC198
2014-11-05660.2842/MCC/19852 General BookCirculation sectionCentral Library, BUET2018-11-142018-12-042014-11-05 77550   Central Library, BUET3660_000000000000000_2842MCC198
2015-07-01660.2842/MCC/1985  Reading ItemReading sectionCentral Library, BUET 2015-07-012015-07-01 68731   Central Library, BUET4660_284200000000000_MCC_1985
2024-11-25660.2842 MCC/1985  Rental ItemRental sectionCentral Library, BUET 2024-11-251989-06-27 73910   Central Library, BUET৪/ক-১660_284200000000000_MCC_1985
2024-11-25660.2842 MCC/1985  Rental ItemRental sectionCentral Library, BUET 2024-11-251989-06-27 73911   Central Library, BUET৪/ক-২660_284200000000000_MCC_1985
2024-11-25660.2842 MCC/1985  Rental ItemRental sectionCentral Library, BUET 2024-11-251989-06-27 73912   Central Library, BUET৪/ক-৩660_284200000000000_MCC_1985
2024-11-25660.2842 MCC/1985  Rental ItemRental sectionCentral Library, BUET 2024-11-251989-06-27 73913   Central Library, BUET৪/ক-৪660_284200000000000_MCC_1985
2024-11-25660.2842 MCC/1985  Rental ItemRental sectionCentral Library, BUET 2024-11-251989-06-27 73914   Central Library, BUET৪/ক-৫660_284200000000000_MCC_1985
2024-11-25660.2842 MCC/1985  Rental ItemRental sectionCentral Library, BUET 2024-11-251989-06-27 73915   Central Library, BUET৪/ক-৬660_284200000000000_MCC_1985
2024-11-25660.2842 MCC/1985  Rental ItemRental sectionCentral Library, BUET 2024-11-251989-06-27 73916   Central Library, BUET৪/ক-৭660_284200000000000_MCC_1985
2024-11-25660.2842 MCC/1985  Rental ItemRental sectionCentral Library, BUET 2024-11-251989-06-27 73917   Central Library, BUET৪/ক-৮660_284200000000000_MCC_1985
2024-11-25660.2842 MCC/1985  Rental ItemRental sectionCentral Library, BUET 2024-11-251989-06-27 73918   Central Library, BUET৪/ক-৯660_284200000000000_MCC_1985
2024-11-25660.2842 MCC/1985  Rental ItemRental sectionCentral Library, BUET 2024-11-251989-06-27 73919   Central Library, BUET৪/ক-১০660_284200000000000_MCC_1985
2024-11-25660.2842 MCC/1985  Rental ItemRental sectionCentral Library, BUET 2024-11-251989-06-27 73934   Central Library, BUET৪/ক-২৫660_284200000000000_MCC_1985
2024-11-25660.2842 MCC/1985  Rental ItemRental sectionCentral Library, BUET 2024-11-251989-06-27 73935   Central Library, BUET৪/ক-২৬660_284200000000000_MCC_1985